000 00735cam a22002533a 4500
001 4341
003 PGUSA
005 20140828083052.0
008 030801s2003||||xxu|||||s|||||000 | eng d
040 _aPGUSA
_beng
042 _adc
050 4 _aHM
100 1 _aKropotkin, Petr Alekseevich, kniaz,
_d1842-1921
245 1 0 _aMutual Aid :
_bA Factor of Evolution
_h[electronic resource] /
_cPetr Alekseevich, kniaz Kropotkin
260 _bProject Gutenberg,
_c2003
506 _aPublic domain in the USA.
516 _aElectronic text
653 _aSocial institutions
653 _aCooperation
653 _aSocial groups
830 0 _aProject Gutenberg
_v4341
856 4 0 _uhttp://www.gutenberg.org/ebooks/4341
942 _cEB
999 _c233670
_d233670